15 Grootste Steden van Azië met een Kaart - Statistieken

Algemene statistieken
  • Deze quiz is 2.477 keer genomen
  • De gemiddelde score is 10 van 15
Antwoorden op de kaart
Antwoorden kleurgecodeerd door een groen-rode schaal op de quizkaart volgens % correct hieronder.
 
Antwoordstatistieken
Population City % Correct
40.4 mil Tokio
97%
19.8 mil Peking
91%
16.0 mil Istanboel
86%
24.8 mil Seoel
86%
30.3 mil Delhi
82%
31.3 mil Jakarta
82%
18.8 mil Bangkok
76%
33.6 mil Shanghai
75%
25.1 mil Bombay
72%
25.7 mil Manilla
67%
17.7 mil Osaka
55%
20.2 mil Dhaka
54%
16.8 mil Calcutta
43%
17.8 mil Karachi
38%
46.7 mil Guangzhou
37%
Geen overeenkomende quizzen gevonden
Scoreverdeling
Procent van Mensen met Elke Score
Percentiel versus Aantal Correcte Antwoorden
Uw Scoregeschiedenis
U heeft deze quiz nog niet genomen